000 00591nam a2200193Ia 4500
003 IN-BaIIA
008 211028s9999 xx 000 0 eng d
020 _a978-1-4822-3727-6
040 _cIIA Library
080 _a52-76
_bCLE
100 _aClements, David L
_936348
245 0 _aInfrared astronomy-seeing the heat
_bfrom William Herschel to the Herschel space observatory
_cDavid L. Clements
260 _aBoca Raton
_bCRC Press
_c2015
300 _axxiii, 266p.
650 _aAstronomy
_980
650 _aAstronomy - history
_9900
650 _aInfrared astronomy
_95673
942 _cBK
999 _c19035
_d19035